000 00362nam a2200145Ia 4500
008 230711s9999||||xx |||||||||||||| ||und||
041 _aENG
082 _a5
_bRO-P
100 _aRohan,Stephen G
245 0 _aProgramming in C
250 _a1st
260 _c1991
_aNew Delhi
_bCBS Publishers & Distributors Pvt.Ltd
650 _aComputer Engineering
942 _cBK
999 _c1290
_d1290